Ontario Provincial Parks - Statistics

General Stats
  • This quiz has been taken 185 times
  • The average score is 25 of 112
Answer Stats
Answer % Correct
Algonquin
91%
Killarney
62%
Killbear
58%
Pinery
55%
Lake Superior
54%
Sandbanks
54%
Arrowhead
51%
Bon Echo
46%
Grundy Lake
46%
Awenda
45%
Long Point
43%
Sleeping Giant
43%
French River
40%
Presqu'ile
40%
Rondeau
40%
Darlington
38%
Silent Lake
38%
Pancake Bay
37%
Emily
35%
Turkey Point
34%
Bronte Creek
32%
Charleston Lake
32%
Frontenac
32%
MacGregor Point
32%
Bonnechere
31%
Quetico
31%
Silver Lake
31%
Lady Evelyn-Smoothwater
28%
Rideau River
28%
Samuel De Champlain
28%
Kakabeka Falls
26%
Petroglyphs
26%
Aaron
25%
Balsam Lake
25%
Inverhuron
25%
Kawartha Highlands
25%
Point Farms
25%
Sibbald Point
25%
Ferris
23%
Fitzroy
23%
Murphys Point
23%
Voyageur
23%
Wasaga Beach
23%
Wheatley
23%
Earl Rowe
22%
Six Mile Lake
22%
Woodland Caribou
22%
Bass Lake
20%
Chutes
20%
Forks of the Credit
20%
Lake on the Mountain
20%
Lake St. Peter
20%
Mara
20%
Blue Lake
18%
Craigleith
18%
Driftwood
18%
Restoule
18%
Sauble Falls
18%
Windy Lake
18%
Halfway Lake
17%
Marten River
17%
Mono Cliffs
17%
Neys
17%
Port Burwell
17%
Rock Point
17%
Wabakimi
17%
Fushimi Lake
15%
Rushing River
15%
Sharbot Lake
15%
Finlayson Point
14%
McRae Point
14%
North Beach
14%
Oastler Lake
14%
Ojibway
14%
Rainbow Falls
14%
Kettle Lakes
12%
Mark S. Burnham
12%
Oxtongue River - Ragged Falls
12%
Selkirk
12%
Sturgeon Bay
12%
Wakami Lake
12%
Batchawana Bay
11%
Komoka
11%
MacLeod
11%
Mikisew
11%
Pigeon River
11%
Port Bruce
11%
Springwater
11%
Sturgeon River
11%
The Massasauga
11%
Tidewater
11%
Esker Lakes
9%
Fairbank
9%
John E. Pearce
9%
Misery Bay
9%
Nagagamisis
9%
Sioux Narrows
9%
Spanish River
9%
White Lake
9%
Kap-Kig-Iwan
8%
Ouimet Canyon
8%
Pakwash
8%
Potholes
8%
Rene Brunelle
8%
Biscotasi Lake
6%
Caliper Lake
6%
Ivanhoe Lake
6%
Missinaibi
6%
Obabika River
6%
Makobe-Grays River
5%
Solace
5%
Sandbar Lake
3%
No matching quizzes found
Score Distribution
Percent of People with Each Score
Percentile by Number Answered
Your Score History
You have not taken this quiz